Možnosti kalkulácie nákladov podniku na finančné zdroje
Možnosti a modely kalkulácie nákladov podniku na finančné zdroje. Identifikácia hlavných faktorov, ktoré ovplyvňujú výšku a cenu nákladov na vlastné a cudzie zdroje podniku. Analýza modelu WACC a modelu EVA. Problémová kategória nákladov na vlastný kapitál. Možnosti využitia kalkulácie nákladov pri...
Salvato in:
| Autore principale: | |
|---|---|
| Natura: | Capitolo di libro |
| Lingua: | slovacco |
| Soggetti: | |
| Tags: |
Nessun Tag, puoi essere il primo ad aggiungerne!!
|
MARC
| LEADER | 00000nla$a2200000$$$4500 | ||
|---|---|---|---|
| 001 | 0078238 | ||
| 005 | 20220801085059.5 | ||
| 041 | 0 | |a slo | |
| 044 | |a CZ | ||
| 245 | 1 | 0 | |a Možnosti kalkulácie nákladov podniku na finančné zdroje |c Dana Kiseľáková |
| 520 | |a Možnosti a modely kalkulácie nákladov podniku na finančné zdroje. Identifikácia hlavných faktorov, ktoré ovplyvňujú výšku a cenu nákladov na vlastné a cudzie zdroje podniku. Analýza modelu WACC a modelu EVA. Problémová kategória nákladov na vlastný kapitál. Možnosti využitia kalkulácie nákladov pri finančnom rozhodovaní v praxi a ich vplyvu na zvyšovanie finančnej efektívnosti podnikov. | ||
| 610 | 2 | 0 | |a podnik |
| 610 | 2 | 0 | |a zdroje finančné vlastné |
| 610 | 2 | 0 | |a zdroje finančné cudzie |
| 610 | 2 | 0 | |a náklady |
| 610 | 2 | 0 | |a kalkulácia nákladov |
| 610 | 2 | 0 | |a efektívnosť |
| 610 | 2 | 0 | |a modely |
| 100 | 1 | |a Kiseľáková, Dana | |